Normal view
MARC view
Entry Personal Name
001 - CONTROL NUMBER
- control field: 2897
003 - CONTROL NUMBER IDENTIFIER
- control field: OSt
005 - DATE AND TIME OF LATEST TRANSACTION
- control field: 20211105132341.0
008 - FIXED-LENGTH DATA ELEMENTS
- fixed length control field: 211105|| aca||aabn | a|a d
040 ## - CATALOGING SOURCE
- Original cataloging agency: OSt
- Transcribing agency: OSt
100 ## - HEADING--PERSONAL NAME
- Personal name: Ferraro, V. C. A
670 ## - SOURCE DATA FOUND
- Source citation: Work cat.: (OSt): Ferraro, V. C. A, Electromagnetic theory, 1954